Science Quiz

Random Science or Famous Quiz

Immigrant Scientists Quiz Stats

 Plays Quiz not verified by Sporcle

Challenge
Share
Tweet
Embed
Score 0/8 Timer 05:00
0 Plays Today
Emigrated from Scientist % Correct
GermanyAlbert Einstein
93.6%
ItalyEnrico Fermi
41%
DenmarkNeils Bohr
37.2%
CroatiaNikola Tesla
35.9%
ScotlandAlexander Graham Bell
29.5%
GermanyWernher Von Braun
15.4%
IndiaSubrahmanyan Chandrasekhar
11.5%
SwitzerlandElisabeth Kübler-Ross
1.3%

You're not logged in!

Compare scores with friends on all Sporcle quizzes.
Join for Free
OR
Log In

You Might Also Like...

Show Comments

Extras

Top Quizzes Today


Score Distribution

Your Account Isn't Verified!

In order to create a playlist on Sporcle, you need to verify the email address you used during registration. Go to your Sporcle Settings to finish the process.

Report this User

Report this user for behavior that violates our Community Guidelines.

Details: